Current Treatment Options in Oncology (Запис № 456861)
[ простий вигляд ]
| 000 -LEADER | |
|---|---|
| fixed length control field | 02120nas a22002895i 4500 |
| 001 - CONTROL NUMBER | |
| control field | 1534-6277 |
| 003 - CONTROL NUMBER IDENTIFIER | |
| control field | DE-He213 |
| 005 - DATE AND TIME OF LATEST TRANSACTION | |
| control field | 20200203194442.0 |
| 007 - PHYSICAL DESCRIPTION FIXED FIELD--GENERAL INFORMATION | |
| fixed length control field | cr nn 008mamaa |
| 008 - FIXED-LENGTH DATA ELEMENTS--GENERAL INFORMATION | |
| fixed length control field | 150723s||||||||xxuuu poo|||||| b|EN |d |
| 022 ## - INTERNATIONAL STANDARD SERIAL NUMBER | |
| International Standard Serial Number | 1534-6277 |
| 024 7# - OTHER STANDARD IDENTIFIER | |
| Standard number or code | 10.1007/11864.1534-6277 |
| Source of number or code | doi |
| 210 10 - ABBREVIATED TITLE | |
| Abbreviated title | Curr. Treat. Options in Oncol. |
| 245 10 - TITLE STATEMENT | |
| Title | Current Treatment Options in Oncology |
| Medium | [electronic resource] / |
| Statement of responsibility, etc | edited by David S. Ettinger. |
| 264 #1 - | |
| -- | New York : |
| -- | Springer US : |
| -- | Imprint: Springer. |
| 300 ## - PHYSICAL DESCRIPTION | |
| Other physical details | online resource. |
| 520 ## - SUMMARY, ETC. | |
| Summary, etc | This journal aims to review the most important, recently published treatment option advances in the field of oncology. By providing clear, insightful, balanced contributions by international experts, the journal intends to facilitate worldwide approaches to cancer treatment. We accomplish this aim by appointing international authorities to serve as Section Editors in key subject areas, such as endocrine tumors, lymphomas, neuro-oncology, and cancers of the breast, head and neck, lung, skin, gastrointestinal tract, and genitourinary region. Section Editors, in turn, select topics for which leading experts contribute comprehensive review articles that emphasize new developments and recently published papers of major importance, highlighted by annotated reference lists. We also provide commentaries from well-known oncologists, and an international Editorial Board reviews the annual table of contents, suggests articles of special interest to their country/region, and ensures that topics are current and include emerging research. . |
| 650 #0 - SUBJECT ADDED ENTRY--TOPICAL TERM | |
| Topical term or geographic name as entry element | Oncology. |
| 650 14 - SUBJECT ADDED ENTRY--TOPICAL TERM | |
| Topical term or geographic name as entry element | Oncology. |
| -- | http://scigraph.springernature.com/things/product-market-codes/H33160 |
| 700 1# - ADDED ENTRY--PERSONAL NAME | |
| Personal name | Ettinger, David S. |
| Relator term | editor. |
| Relator code | edt |
| -- | http://id.loc.gov/vocabulary/relators/edt |
| 710 2# - ADDED ENTRY--CORPORATE NAME | |
| Corporate name or jurisdiction name as entry element | SpringerLink (Online service) |
| 776 08 - ADDITIONAL PHYSICAL FORM ENTRY | |
| Display text | Printed version: |
| International Standard Serial Number | 1527-2729 |
| 856 40 - ELECTRONIC LOCATION AND ACCESS | |
| Uniform Resource Identifier | <a href="https://doi.org/10.1007/11864.1534-6277">https://doi.org/10.1007/11864.1534-6277</a> |
| Public note | Hybrid |
| 942 ## - ADDED ENTRY ELEMENTS (KOHA) | |
| Koha item type | ЕЖурнал |
Немає доступних примірників.